Cities of New Zealand - Satellite - Statistics

General Stats
  • This quiz has been taken 6 times
  • The average score is 9 of 16
Answer Stats
Picture Answer % Correct
Christchurch
100%
Wellington
100%
Auckland
75%
Dunedin
75%
Hamilton
75%
Invercargill
75%
Nelson
75%
Lower Hutt
50%
Queenstown
50%
Tauranga
50%
Gisborne
25%
Napier
25%
New Plymouth
25%
Rotorua
25%
Whanganui
25%
Whangarei
0%
No matching quizzes found
Score Distribution
Percent of People with Each Score
Percentile by Number Answered
Your Score History
You have not taken this quiz